|
|
|
|
| LEADER |
00000nam0a2200000 4500 |
| 001 |
335926 |
| 005 |
20231102004813.0 |
| 020 |
|
|
|a RU
|b 81-24209ж
|
| 035 |
|
|
|a (RuTPU)RU\TPU\book\362338
|
| 035 |
|
|
|a RU\TPU\book\362337
|
| 090 |
|
|
|a 335926
|
| 100 |
|
|
|a 20171005d1978 km y0rusy5003 ca
|
| 101 |
0 |
|
|a rus
|
| 102 |
|
|
|a RU
|
| 105 |
|
|
|a a z 001zy
|
| 200 |
1 |
|
|a Прочность конструкций
|e сборник
|f под ред. Р. Р. Мавлютова
|
| 210 |
|
|
|a Уфа
|c Изд-во УАИ
|d 1978
|
| 215 |
|
|
|a 106 с.
|c ил.
|
| 225 |
1 |
|
|a Межвузовский научный сборник
|v Вып. 3
|
| 320 |
|
|
|a Библиография в конце статей
|
| 606 |
1 |
|
|a Прочность, теория
|2 stltpush
|3 (RuTPU)RU\TPU\subj\53055
|9 71407
|
| 610 |
1 |
|
|a термоупругость
|
| 610 |
1 |
|
|a цилиндрические оболочки
|
| 610 |
1 |
|
|a изгиб
|
| 610 |
1 |
|
|a пластины
|
| 610 |
1 |
|
|a тонкие оболочки
|
| 610 |
1 |
|
|a конические оболочки
|
| 610 |
1 |
|
|a стержни
|
| 610 |
1 |
|
|a испытания
|
| 610 |
1 |
|
|a сжатие-растяжение
|
| 610 |
1 |
|
|a нагрузки
|
| 610 |
1 |
|
|a зубчатые зацепления
|
| 610 |
1 |
|
|a устойчивость
|
| 610 |
1 |
|
|a цилиндрические оболочки
|
| 675 |
|
|
|a 539.4
|z rus
|v 3
|
| 702 |
|
1 |
|a Мавлютов
|b Р. Р.
|g Рыфат Рахматуллич
|4 340
|
| 801 |
|
0 |
|a RU
|b 63413507
|c 19950704
|g psbo
|
| 801 |
|
1 |
|a RU
|b 63413507
|c 20150716
|
| 801 |
|
2 |
|a RU
|b 63413507
|c 20171006
|g RCR
|
| 942 |
|
|
|c BK
|